000 00414nam a2200145Ia 4500
003 GCL
008 140319s9999 xx 000 0 ara d
040 _aGCL /
_cGCL
082 0 4 _a952
_bن م
100 1 _aتانيزاكى، جونيشيرو
245 1 0 _aمديح الظل /
_cتانيزاكى، جونيشيرو
700 1 _aالحبيب السالمى (مترجم)
300 _a55 ص
490 _aمعالم
_v0
999 _c47597
_d47597